| 000 | 00496nam a2200181Ia 4500 | ||
|---|---|---|---|
| 008 | 151202s9999||||xx |||||||||||||| ||und|| | ||
| 082 | _bPNVM-9882 | ||
| 100 | _aमोटे ह.वि. | ||
| 245 | _aप्रतिभा 1935. | ||
| 260 | _bह.वि मोटे. | ||
| 260 | _c1935 | ||
| 300 | _a324 | ||
| 600 | _aमोटे ह.वि. | ||
| 630 | _aप्रतिभा 1935. | ||
| 700 | _aमोटे ह.वि. | ||
| 730 | _aप्रतिभा 1935. | ||
| 942 | _cBOOK | ||
| 999 |
_c1275871 _d1275868 |
||